[Event "III Memorial Roberto Magari A"]
[Site "Siena ITA"]
[Date "1998.12.??"]
[Round "2"]
[White "Malescusi, Luciano"]
[Black "Lotti, Fabio"]
[Result "1/2-1/2"]
[WhiteElo "1729"]
[BlackElo "1765"]
[PlyCount "89"]
[EventDate "1998.12.05"]

1. Nf3 f5 2. d3 Nf6 3. e4 fxe4 4. dxe4 Nxe4 5. Bd3 Nf6 6. Ng5 d5 7. Nxh7 Qd6 8.
Nxf6+ gxf6 9. h4 Nc6 10. Nc3 a6 11. Bg6+ Kd8 12. Qxd5 Ne5 13. Qxd6+ cxd6 14.
Be4 e6 15. g3 d5 16. Bg2 Bc5 17. Bf4 Ng4 18. O-O Bd4 19. Rad1 Bxc3 20. bxc3 b5
21. Rfe1 Bd7 22. Bh3 f5 23. Bxg4 fxg4 24. Be5 Rg8 25. Rd4 Be8 26. Rf4 Rc8 27.
Rf6 Rc6 28. Rh6 Bg6 29. Re2 Bf5 30. h5 Rc4 31. Rf6 Rg5 32. Rh6 Rg8 33. a3 Ra4
34. Bd6 Kd7 35. Be5 Rxa3 36. Rf6 Rg5 37. Rh6 Ra1+ 38. Kg2 Ra2 39. Bf4 Rg8 40.
Rf6 Rg7 41. h6 Rh7 42. Rf8 Rxc2 43. Rxc2 Bxc2 44. Ra8 Be4+ 45. Kf1 1/2-1/2

[Event "III Memorial Roberto Magari A"]
[Site "Siena ITA"]
[Date "1998.12.??"]
[Round "2"]
[White "Mogranzini, Roberto"]
[Black "Garofalo, Sergio"]
[Result "1-0"]
[WhiteElo "1834"]
[BlackElo "1735"]
[PlyCount "103"]
[EventDate "1998.12.05"]

1. e4 e5 2. Nf3 d5 3. exd5 e4 4. Qe2 f5 5. d3 Nf6 6. Bg5 Be7 7. Nfd2 exd3 8.
Qxd3 O-O 9. Be2 Qxd5 10. O-O Qxd3 11. Bxd3 Bd6 12. Nc4 Nc6 13. Nxd6 cxd6 14.
Nc3 Ne5 15. Bb5 a6 16. Ba4 Be6 17. Rfe1 b5 18. f4 Nc4 19. Rxe6 bxa4 20. b3 axb3
21. axb3 Kf7 22. Rae1 Na3 23. Bxf6 gxf6 24. Re7+ Kg8 25. Nd5 Rf7 26. Rxf7 Kxf7
27. Re7+ Kg6 28. Re6 Nxc2 29. Rxf6+ Kg7 30. Rxd6 Rb8 31. Rd7+ Kf8 32. Rc7 Nd4
33. b4 Rd8 34. Nf6 Ne2+ 35. Kf2 Nxf4 36. Nxh7+ Kg8 37. Nf6+ Kf8 38. h4 Rd6 39.
Nd7+ Ke8 40. Ne5 Nd5 41. Ra7 Rc6 42. Nd3 Rc2+ 43. Kg1 Rd2 44. Nc5 Ra2 45. h5
Nf4 46. h6 Rxg2+ 47. Kf1 Rh2 48. h7 Ng6 49. Ne6 Rb2 50. Rg7 Rh2 51. Ng5 Nf8 52.
Rg8 1-0

[Event "III Memorial Roberto Magari A"]
[Site "Siena ITA"]
[Date "1998.12.??"]
[Round "2"]
[White "Spano' Cuomo, Gaetano"]
[Black "Pelagatti, Alessandro"]
[Result "0-1"]
[WhiteElo "1776"]
[BlackElo "1795"]
[PlyCount "82"]
[EventDate "1998.12.05"]

1. d4 Nf6 2. c4 g6 3. Nc3 Bg7 4. e4 d6 5. Bd3 O-O 6. Nge2 e5 7. d5 Nbd7 8. O-O
Nc5 9. Bc2 a5 10. Be3 Ng4 11. Bxc5 dxc5 12. h3 Nf6 13. Qd3 Nh5 14. f4 f5 15.
fxe5 Bxe5 16. exf5 Bxf5 17. Qd2 Ra6 18. Bxf5 gxf5 19. Rf3 Rg6 20. Raf1 Qh4 21.
g4 Nf6 22. Nf4 Bxf4 23. Qxf4 fxg4 24. Rg3 Qxg3+ 25. Qxg3 gxh3 26. Qxg6+ hxg6
27. Rf3 h2+ 28. Kg2 Kg7 29. Rh3 Ng4 30. Ne4 b6 31. b3 Rf4 32. Ng5 Rf2+ 33. Kg3
Rf1 34. Rh7+ Kg8 35. Kxg4 h1=Q 36. Rxh1 Rxh1 37. Ne6 Ra1 38. Nxc7 Rxa2 39. Na8
Rb2 40. Nxb6 Rxb3 41. Na4 Rb4 0-1

[Event "III Memorial Roberto Magari A"]
[Site "Siena ITA"]
[Date "1998.12.??"]
[Round "3"]
[White "Bertagnolli, Alexander"]
[Black "Bettalli, Marco"]
[Result "1-0"]
[WhiteElo "1798"]
[BlackElo "2040"]
[PlyCount "91"]
[EventDate "1998.12.05"]

1. g3 g6 2. Bg2 Bg7 3. e4 d6 4. d3 e5 5. Nc3 Ne7 6. f4 exf4 7. Bxf4 Nbc6 8. Qd2
b6 9. Nf3 Bg4 10. O-O-O Qd7 11. h3 Bxf3 12. Bxf3 Nd4 13. Bg4 Qc6 14. Rde1 h5
15. Bd1 O-O-O 16. Rhf1 Ne6 17. Be3 Rdf8 18. d4 Qc4 19. Be2 Qb4 20. Rd1 Kb8 21.
a3 Qa5 22. Nd5 Qxd2+ 23. Rxd2 Ng8 24. c3 c6 25. Nf4 Nd8 26. Bd3 Re8 27. Re2 Nf6
28. Bd2 Re7 29. Ng2 Ne6 30. Ref2 Nd7 31. Rxf7 Rhe8 32. Nh4 Ndf8 33. Bc4 Nc7 34.
Rxg7 Rxg7 35. Bh6 Rge7 36. Bxf8 Rxe4 37. Bxd6 g5 38. Nf3 g4 39. hxg4 hxg4 40.
Ng5 Re1+ 41. Rxe1 Rxe1+ 42. Kd2 Rb1 43. Kc2 Re1 44. Ne6 Kc8 45. Bxc7 Kd7 46.
Bf4 1-0

[Event "III Memorial Roberto Magari A"]
[Site "Siena ITA"]
[Date "1998.12.??"]
[Round "3"]
[White "Bertino, Paolo"]
[Black "Foglia, Maurizio"]
[Result "1-0"]
[WhiteElo "1756"]
[BlackElo "2080"]
[PlyCount "76"]
[EventDate "1998.12.05"]

1. d4 Nf6 2. Nf3 c5 3. c3 g6 4. Bf4 Qb6 5. Qc1 Nc6 6. e3 d5 7. Nbd2 Bg7 8. Bd3
c4 9. Bc2 Bf5 10. O-O Bxc2 11. Qxc2 Qd8 12. e4 b5 13. Rfe1 O-O 14. Re2 e6 15.
Bg5 Qd7 16. Rae1 a5 17. Bxf6 Bxf6 18. exd5 exd5 19. Ne5 Bxe5 20. dxe5 d4 21.
Qe4 dxc3 22. bxc3 Rae8 23. Qf4 Qf5 24. Qxf5 gxf5 25. a4 b4 26. Nxc4 bxc3 27.
Rc2 Nb4 28. Rxc3 Rc8 29. Rg3+ Kh8 30. Nxa5 Ra8 31. Nb7 Rxa4 32. Nd6 f4 33. Rf3
Nc2 34. Rd1 Nd4 35. Rfd3 Ne6 36. g3 Kg7 37. gxf4 Nxf4 38. Rg3+ Kh8 1-0

[Event "III Memorial Roberto Magari A"]
[Site "Siena ITA"]
[Date "1998.12.??"]
[Round "3"]
[White "Brunetti, Alessandro"]
[Black "Gorelli Fagiolini, Marco"]
[Result "1/2-1/2"]
[WhiteElo "1827"]
[BlackElo "2235"]
[PlyCount "184"]
[EventDate "1998.12.05"]

1. d4 Nf6 2. c4 g6 3. Nc3 d5 4. cxd5 Nxd5 5. e4 Nxc3 6. bxc3 Bg7 7. Be3 O-O 8.
Rc1 c5 9. Nf3 Qa5 10. Qd2 e6 11. Be2 cxd4 12. cxd4 Qxd2+ 13. Kxd2 Nc6 14. Rhd1
Bd7 15. Ke1 Rfc8 16. Rb1 Na5 17. Bd2 b6 18. Bxa5 bxa5 19. Bb5 Bxb5 20. Rxb5 Bf8
21. Rdb1 Bb4+ 22. Kd1 Rc3 23. Rb3 Rd8 24. Rxc3 Bxc3 25. d5 exd5 26. exd5 a6 27.
Rc5 Bb4 28. Rc2 Rxd5+ 29. Ke2 a4 30. h3 a3 31. Nd2 a5 32. Nc4 Kg7 33. f3 h5 34.
Ne3 Rd7 35. Nc4 Re7+ 36. Kd3 Rd7+ 37. Ke2 Rc7 38. Ke3 Kf6 39. Ke2 Kg5 40. Kf2
Rc5 41. Ne3 Rxc2+ 42. Nxc2 Bc5+ 43. Ke2 Kf4 44. Ne1 Kg3 45. Kf1 Bb4 46. Nd3 Bc3
47. Nc5 Kf4 48. Ke2 Ke5 49. Kd3 Bb4 50. Ne4 f5 51. Ng3 Kf4 52. Ne2+ Ke5 53. Kc4
g5 54. g4 fxg4 55. fxg4 hxg4 56. hxg4 Ke4 57. Nd4 Kf4 58. Kd3 Kxg4 59. Ke2 Kg3
60. Kf1 g4 61. Nf5+ Kf4 62. Nh4 g3 63. Ng2+ Kf3 64. Nh4+ Kg4 65. Ng2 Kh3 66.
Nf4+ Kh2 67. Ng2 Bd6 68. Ne3 Bf4 69. Ng2 Bd2 70. Nh4 Kh3 71. Ng2 Kg4 72. Ke2
Bg5 73. Ne1 Kf4 74. Ng2+ Ke4 75. Ne1 Bf4 76. Ng2 Bd6 77. Nh4 Kd5 78. Kd3 Bf4
79. Ng2 Bg5 80. Ne1 Ke5 81. Ng2 Kf5 82. Ke2 Ke4 83. Ne1 Be7 84. Ng2 Kd4 85. Kd2
Bb4+ 86. Kc2 Ke4 87. Nh4 Ke3 88. Nf5+ Kf3 89. Nxg3 Kxg3 90. Kb1 Kf3 91. Kc2 Ke3
92. Kb1 Kd3 1/2-1/2

[Event "III Memorial Roberto Magari A"]
[Site "Siena ITA"]
[Date "1998.12.??"]
[Round "3"]
[White "Lotti, Fabio"]
[Black "Pelagatti, Alessandro"]
[Result "1-0"]
[WhiteElo "1765"]
[BlackElo "1795"]
[PlyCount "71"]
[EventDate "1998.12.05"]

1. d4 Nf6 2. Bg5 Ne4 3. Bf4 g6 4. f3 Nf6 5. e4 Bg7 6. Qd2 d6 7. Nc3 Nc6 8.
O-O-O a6 9. Bh6 O-O 10. g4 e5 11. Bxg7 Kxg7 12. Nge2 exd4 13. Nxd4 Qe7 14. h4
Nxd4 15. Qxd4 Qe5 16. Qd2 h5 17. gxh5 Nxh5 18. Ne2 Be6 19. Kb1 Rad8 20. Bg2 f5
21. f4 Qf6 22. exf5 Bxf5 23. Bf3 c6 24. Rdg1 Kf7 25. Rg5 Rh8 26. Nd4 Ng7 27. h5
Ne6 28. Nxe6 Kxe6 29. Re1+ Kd7 30. hxg6 Bxg6 31. Reg1 Rhg8 32. Qa5 Bf7 33. Bg4+
Be6 34. Bxe6+ Qxe6 35. Rg7+ Ke8 36. Qh5+ 1-0

[Event "III Memorial Roberto Magari A"]
[Site "Siena ITA"]
[Date "1998.12.??"]
[Round "3"]
[White "Malescusi, Luciano"]
[Black "Codacci, Jose'"]
[Result "0-1"]
[WhiteElo "1729"]
[BlackElo "1837"]
[PlyCount "60"]
[EventDate "1998.12.05"]

1. Nf3 Nf6 2. g3 d5 3. Bg2 c5 4. O-O Nc6 5. d3 e5 6. Nbd2 Be7 7. e4 O-O 8. exd5
Nxd5 9. Nc4 f6 10. a4 Be6 11. Re1 Qd7 12. Bd2 Rfd8 13. Na3 Rac8 14. Nb5 Ndb4
15. Nc3 Nd4 16. Rc1 Ndxc2 17. Rxc2 Bb3 18. Re4 Bxc2 19. Qc1 Bxd3 20. Rh4 Bf5
21. Ne4 g5 22. Nexg5 fxg5 23. Nxe5 Qxd2 24. Qc4+ Rd5 25. Be4 gxh4 26. Bxf5 Qe1+
27. Kg2 Qxe5 28. Qg4+ Kh8 29. Bxc8 h3+ 30. Kf1 Nc2 0-1

[Event "III Memorial Roberto Magari A"]
[Site "Siena ITA"]
[Date "1998.12.??"]
[Round "3"]
[White "Mogranzini, Roberto"]
[Black "Giorgetti, Alberto"]
[Result "1/2-1/2"]
[WhiteElo "1834"]
[BlackElo "1867"]
[PlyCount "117"]
[EventDate "1998.12.05"]

1. e4 d6 2. d4 Nf6 3. Nc3 g6 4. Be3 c6 5. f3 Nbd7 6. Qd2 Qa5 7. Bh6 Bxh6 8.
Qxh6 b5 9. Qd2 b4 10. Nce2 c5 11. Nc1 Qb6 12. Nge2 a5 13. g3 Bb7 14. Bg2 cxd4
15. Qxd4 Qxd4 16. Nxd4 d5 17. exd5 Bxd5 18. O-O Rc8 19. f4 Rc4 20. Nce2 Bxg2
21. Kxg2 Nd5 22. b3 Rc5 23. Kf2 O-O 24. Rfe1 N7f6 25. Kf3 Rd8 26. Rad1 Nc3 27.
Nxc3 Rxc3+ 28. Re3 Rxe3+ 29. Kxe3 Nd5+ 30. Kf3 Nc3 31. Rd3 Rc8 32. Rd2 e6 33.
Ne2 Nd5 34. Kf2 Kf8 35. Nd4 Nc3 36. Kf3 Nxa2 37. Ne2 Nc3 38. Nxc3 Rxc3+ 39. Ke2
Ke7 40. Kd1 Rc5 41. Kc1 h5 42. Rd4 e5 43. fxe5 Ke6 44. Rd8 Kxe5 45. Rf8 f6 46.
Kd2 Ke6 47. Rg8 Kf7 48. Ra8 g5 49. Rh8 Kg6 50. Rg8+ Kf5 51. Rf8 h4 52. gxh4
gxh4 53. Rg8 Kf4 54. Rg6 f5 55. Rg8 Kf3 56. Rg5 Rd5+ 57. Ke1 h3 58. Rg3+ Kf4
59. Rxh3 1/2-1/2

[Event "III Memorial Roberto Magari A"]
[Site "Siena ITA"]
[Date "1998.12.??"]
[Round "4"]
[White "Giorgetti, Alberto"]
[Black "Bettalli, Marco"]
[Result "1/2-1/2"]
[WhiteElo "1867"]
[BlackElo "2040"]
[PlyCount "37"]
[EventDate "1998.12.05"]

1. e4 e6 2. d3 d5 3. Nd2 c5 4. Ngf3 Nc6 5. g3 Bd6 6. Bg2 Nge7 7. O-O O-O 8. Re1
Qc7 9. c3 Bd7 10. a3 a5 11. d4 cxd4 12. cxd4 f6 13. b3 Rac8 14. Bb2 Qb6 15. Bh3
Rc7 16. Qe2 Kh8 17. Rac1 Rfc8 18. Qe3 Nd8 19. e5 1/2-1/2

[Event "III Memorial Roberto Magari A"]
[Site "Siena ITA"]
[Date "1998.12.??"]
[Round "4"]
[White "Gorelli Fagiolini, Marco"]
[Black "Bertagnolli, Alexander"]
[Result "1/2-1/2"]
[WhiteElo "2235"]
[BlackElo "1798"]
[PlyCount "43"]
[EventDate "1998.12.05"]

1. e4 g6 2. d4 Bg7 3. Nc3 c6 4. Nf3 d5 5. h3 Nf6 6. Bd3 dxe4 7. Nxe4 Nxe4 8.
Bxe4 O-O 9. O-O Nd7 10. c3 e5 11. Bc2 exd4 12. cxd4 Nb6 13. Bb3 Nd5 14. Bg5 f6
15. Bf4 Be6 16. Bg3 Re8 17. Qd2 Bf8 18. Ne1 Bb4 19. Qd1 Qb6 20. Nc2 Bf8 21. Re1
Bf7 22. Qd2 1/2-1/2

[Event "III Memorial Roberto Magari A"]
[Site "Siena ITA"]
[Date "1998.12.??"]
[Round "4"]
[White "Lotti, Fabio"]
[Black "Codacci, Jose'"]
[Result "1-0"]
[WhiteElo "1765"]
[BlackElo "1837"]
[PlyCount "59"]
[EventDate "1998.12.05"]

1. d4 Nf6 2. Bg5 Ne4 3. Bf4 d5 4. e3 Nd7 5. Nd2 Ndf6 6. Nxe4 Nxe4 7. Bd3 c6 8.
c3 g6 9. Nf3 Bg7 10. Nd2 Nd6 11. O-O Bf5 12. Bxf5 gxf5 13. Qh5 Qd7 14. Bxd6
exd6 15. Qg5 f6 16. Qh5+ Kd8 17. b4 Kc7 18. a4 Rag8 19. b5 Bf8 20. Qf3 Rg6 21.
Kh1 Rhg8 22. g3 h5 23. bxc6 bxc6 24. Rfb1 h4 25. Ra2 hxg3 26. fxg3 f4 27. Rab2
Qh3 28. Rb8 Kd7 29. R1b7+ Ke6 30. Re8+ 1-0

[Event "III Memorial Roberto Magari A"]
[Site "Siena ITA"]
[Date "1998.12.??"]
[Round "4"]
[White "Pelagatti, Alessandro"]
[Black "Malescusi, Luciano"]
[Result "1/2-1/2"]
[WhiteElo "1795"]
[BlackElo "1729"]
[PlyCount "50"]
[EventDate "1998.12.05"]

1. d4 Nf6 2. Nf3 c5 3. e3 cxd4 4. exd4 d5 5. c3 Nc6 6. Bd3 Qc7 7. h3 e6 8. O-O
Bd6 9. Re1 O-O 10. Qe2 Bd7 11. Ne5 b5 12. Bg5 Ne4 13. Nxd7 Qxd7 14. Bxe4 dxe4
15. Qxe4 b4 16. Nd2 bxc3 17. bxc3 Rab8 18. Rab1 Rxb1 19. Rxb1 Rb8 20. Rxb8+
Bxb8 21. Be3 f5 22. Qf3 Qd5 23. Qxd5 exd5 24. g3 Kf7 25. Kf1 Ke6 1/2-1/2

[Event "III Memorial Roberto Magari A"]
[Site "Siena ITA"]
[Date "1998.12.??"]
[Round "4"]
[White "Wild, Alexander"]
[Black "Garofalo, Sergio"]
[Result "1-0"]
[WhiteElo "1732"]
[BlackElo "1735"]
[PlyCount "67"]
[EventDate "1998.12.05"]

1. e4 e5 2. Nf3 d5 3. exd5 e4 4. Qe2 f5 5. d3 Nf6 6. Bg5 Be7 7. dxe4 fxe4 8.
Nfd2 O-O 9. Nc3 b6 10. Qc4 Kh8 11. O-O-O Ng4 12. Bxe7 Qxe7 13. Ncxe4 Nxf2 14.
d6 cxd6 15. Nxf2 Ba6 16. Qe4 Qxe4 17. Nfxe4 d5 18. Bxa6 Nxa6 19. Ng3 Rf2 20.
Rhg1 Nb4 21. a3 Nc6 22. Nf3 Rc8 23. Rd2 Rxd2 24. Kxd2 Rf8 25. Re1 Kg8 26. Re6
Na5 27. b3 g5 28. Nxg5 Rf2+ 29. Re2 Rxe2+ 30. Nxe2 Nc6 31. c3 h6 32. Ne6 Kf7
33. Nc7 Na5 34. Kc2 1-0

[Event "III Memorial Roberto Magari A"]
[Site "Siena ITA"]
[Date "1998.12.??"]
[Round "5"]
[White "Bertagnolli, Alexander"]
[Black "Lotti, Fabio"]
[Result "1-0"]
[WhiteElo "1798"]
[BlackElo "1765"]
[PlyCount "75"]
[EventDate "1998.12.05"]

1. g3 d5 2. Bg2 Nf6 3. f4 c6 4. Nf3 Qb6 5. e3 h5 6. Nc3 Bg4 7. h3 Bxf3 8. Bxf3
e6 9. Ne2 Nbd7 10. d4 Ne4 11. Bxe4 dxe4 12. b3 Nf6 13. c4 Bb4+ 14. Kf2 Be7 15.
Qc2 a5 16. Nc3 Qc7 17. Nxe4 Nxe4+ 18. Qxe4 a4 19. Bd2 axb3 20. axb3 O-O 21. g4
h4 22. Bc3 Qb6 23. Qc2 Bb4 24. Rxa8 Rxa8 25. Ra1 Rxa1 26. Bxa1 Qa7 27. Qb2 f6
28. g5 b6 29. gxf6 gxf6 30. d5 e5 31. fxe5 Qg7 32. Kf1 Qh7 33. exf6 Qd3+ 34.
Qe2 Qb1+ 35. Kf2 Qxa1 36. Qg4+ Kf8 37. Qg7+ Ke8 38. f7+ 1-0

[Event "III Memorial Roberto Magari A"]
[Site "Siena ITA"]
[Date "1998.12.??"]
[Round "5"]
[White "Bettalli, Marco"]
[Black "Mogranzini, Roberto"]
[Result "1/2-1/2"]
[WhiteElo "2040"]
[BlackElo "1834"]
[PlyCount "55"]
[EventDate "1998.12.05"]

1. Nf3 Nf6 2. g3 g6 3. Bg2 Bg7 4. O-O O-O 5. d3 d6 6. Nbd2 e5 7. e4 c6 8. a4
Nh5 9. Nc4 Na6 10. c3 f5 11. exf5 Bxf5 12. b4 Nf6 13. Ne3 Be6 14. Ng5 Qd7 15.
Nxe6 Qxe6 16. b5 Nb8 17. Ba3 Rd8 18. Rb1 d5 19. Nc2 Nbd7 20. Re1 Qf7 21. bxc6
bxc6 22. Nb4 Rac8 23. Na6 Bf8 24. Qc1 c5 25. Qb2 Rc6 26. Qb7 Rdc8 27. c4 Nb6
28. Qxf7+ 1/2-1/2

[Event "III Memorial Roberto Magari A"]
[Site "Siena ITA"]
[Date "1998.12.??"]
[Round "5"]
[White "Brunetti, Alessandro"]
[Black "Giorgetti, Alberto"]
[Result "1/2-1/2"]
[WhiteElo "1827"]
[BlackElo "1867"]
[PlyCount "72"]
[EventDate "1998.12.05"]

1. d4 d6 2. Nf3 Bg4 3. c4 Bxf3 4. gxf3 g6 5. Nc3 Bg7 6. e4 e6 7. Be3 Nd7 8. Qd2
c6 9. h4 h5 10. Bh3 Qc7 11. Ke2 Ne7 12. Bg5 a6 13. Rac1 Qb8 14. d5 exd5 15.
cxd5 c5 16. b3 Qc7 17. Rhg1 b5 18. Nd1 Nb6 19. Ne3 Nd7 20. Bxd7+ Kxd7 21. Bxe7
Kxe7 22. Nc2 Qd7 23. Qg5+ Bf6 24. Qg3 Rae8 25. f4 Kd8 26. f3 Qe7 27. Qe1 Qb7
28. Ne3 Rhg8 29. f5 gxf5 30. Nxf5 Rxg1 31. Qa5+ Qc7 32. Qxc7+ Kxc7 33. Rxg1 a5
34. Kd3 Ra8 35. Ng7 Rh8 36. Nf5 Ra8 1/2-1/2

[Event "III Memorial Roberto Magari A"]
[Site "Siena ITA"]
[Date "1998.12.??"]
[Round "5"]
[White "Garofalo, Sergio"]
[Black "Malescusi, Luciano"]
[Result "1/2-1/2"]
[WhiteElo "1735"]
[BlackElo "1729"]
[PlyCount "91"]
[EventDate "1998.12.05"]

1. d4 Nf6 2. Nf3 c5 3. e3 d5 4. c4 e6 5. Nbd2 Be7 6. b3 cxd4 7. exd4 O-O 8. Bd3
Nc6 9. a3 dxc4 10. Nxc4 b5 11. Nce5 Bb7 12. O-O Rc8 13. Bb2 Qb6 14. Nxc6 Bxc6
15. Ne5 Bd5 16. g4 Rc7 17. g5 Ne4 18. h4 f6 19. gxf6 Bxf6 20. Qg4 Bxe5 21. Bxe4
Bxe4 22. Qxe4 Bf4 23. Bc1 Rcf7 24. Be3 Qd6 25. Rae1 Qe7 26. Kg2 Qxh4 27. Rh1
Qg4+ 28. Kf1 Qf5 29. Qxf5 Rxf5 30. Bxf4 Rxf4 31. Rh2 Kf7 32. Rc1 Kg6 33. Rg2+
Kf6 34. Rc5 a6 35. Rc6 Rxd4 36. Rxa6 Rc8 37. Rb6 Rd2 38. Rg3 Rc1+ 39. Kg2 Rc5
40. Rf3+ Ke7 41. Rb7+ Rd7 42. Rxd7+ Kxd7 43. Rf7+ Kd6 44. Rxg7 Rc3 45. Rxh7
Rxb3 46. Ra7 1/2-1/2

[Event "III Memorial Roberto Magari A"]
[Site "Siena ITA"]
[Date "1998.12.??"]
[Round "5"]
[White "Gorelli Fagiolini, Marco"]
[Black "Bertino, Paolo"]
[Result "1/2-1/2"]
[WhiteElo "2235"]
[BlackElo "1756"]
[PlyCount "36"]
[EventDate "1998.12.05"]

1. e4 d5 2. exd5 Qxd5 3. Nc3 Qa5 4. g3 Nf6 5. Bg2 g6 6. Nge2 Bg7 7. O-O O-O 8.
d3 c6 9. Bd2 Qc7 10. Qc1 Re8 11. a4 a5 12. Nb1 Na6 13. Na3 Nc5 14. Nc4 Be6 15.
Ne3 Bd5 16. Nxd5 Nxd5 17. Nf4 Nf6 18. Ra2 e5 1/2-1/2

[Event "III Memorial Roberto Magari A"]
[Site "Siena ITA"]
[Date "1998.12.??"]
[Round "6"]
[White "Giorgetti, Alberto"]
[Black "Wild, Alexander"]
[Result "1-0"]
[WhiteElo "1867"]
[BlackElo "1732"]
[PlyCount "49"]
[EventDate "1998.12.05"]

1. e4 c5 2. c3 d5 3. exd5 Qxd5 4. d4 cxd4 5. cxd4 e6 6. Nf3 Nf6 7. Bd3 Be7 8.
Nc3 Qd8 9. O-O O-O 10. Be3 Nbd7 11. Rc1 Nb6 12. Bb1 Bd7 13. Qd3 Re8 14. Ne5 g6
15. Rfe1 a6 16. Bh6 Bf8 17. Bg5 Be7 18. Re3 Nbd5 19. Rh3 Nxc3 20. bxc3 Bb5 21.
c4 Rc8 22. cxb5 Rxc1+ 23. Bxc1 Qa5 24. Bd2 Rc8 25. Bxa5 1-0

[Event "III Memorial Roberto Magari A"]
[Site "Siena ITA"]
[Date "1998.12.??"]
[Round "6"]
[White "Lotti, Fabio"]
[Black "Gorelli Fagiolini, Marco"]
[Result "0-1"]
[WhiteElo "1765"]
[BlackElo "2235"]
[PlyCount "46"]
[EventDate "1998.12.05"]

1. d4 d6 2. e4 Nf6 3. Nc3 g6 4. f4 Bg7 5. Nf3 O-O 6. Be3 b6 7. Bc4 c5 8. e5 Ng4
9. Qe2 cxd4 10. Bd5 Ba6 11. Nb5 Nxe3 12. Bxa8 Bxb5 13. Qxb5 Nxc2+ 14. Kf2 Nxa1
15. Rxa1 dxe5 16. fxe5 Nd7 17. Bc6 a6 18. Qe2 d3 19. Qe4 Nc5 20. Qe3 Qc7 21.
Rc1 Qxc6 22. b4 Ne4+ 23. Kg1 Qd5 0-1

[Event "III Memorial Roberto Magari A"]
[Site "Siena ITA"]
[Date "1998.12.??"]
[Round "6"]
[White "Malescusi, Luciano"]
[Black "Bettalli, Marco"]
[Result "0-1"]
[WhiteElo "1729"]
[BlackElo "2040"]
[PlyCount "82"]
[EventDate "1998.12.05"]

1. Nf3 Nf6 2. g3 g6 3. b3 Bg7 4. Bb2 O-O 5. Bg2 d6 6. d3 e5 7. O-O Nc6 8. Nbd2
Nh5 9. e4 f5 10. d4 exd4 11. exf5 Bxf5 12. Nc4 d5 13. Na3 d3 14. Bxg7 dxc2 15.
Nxc2 Nxg7 16. Ncd4 Nxd4 17. Nxd4 c6 18. Nxf5 Nxf5 19. Bh3 Qf6 20. Bxf5 Qxf5 21.
Qb1 Qxb1 22. Raxb1 Rae8 23. Rfe1 Kf7 24. f4 Rxe1+ 25. Rxe1 Re8 26. Rxe8 Kxe8
27. Kf2 Ke7 28. Ke3 Ke6 29. g4 c5 30. Kd3 b5 31. Ke3 d4+ 32. Ke4 a5 33. a3 a4
34. bxa4 bxa4 35. h3 Kd6 36. h4 Ke6 37. g5 Kd6 38. h5 gxh5 39. f5 h4 40. g6
hxg6 41. fxg6 Ke6 0-1

[Event "III Memorial Roberto Magari A"]
[Site "Siena ITA"]
[Date "1998.12.??"]
[Round "7"]
[White "Bertagnolli, Alexander"]
[Black "Giorgetti, Alberto"]
[Result "1-0"]
[WhiteElo "1798"]
[BlackElo "1867"]
[PlyCount "75"]
[EventDate "1998.12.05"]

1. g3 d5 2. Bg2 Nf6 3. f4 c5 4. Nf3 Nc6 5. e3 Bg4 6. h3 Bxf3 7. Bxf3 e5 8. d3
Qd7 9. Nc3 g6 10. e4 d4 11. Ne2 Bd6 12. a3 h5 13. c4 Qc7 14. O-O h4 15. f5 hxg3
16. Nxg3 gxf5 17. Nxf5 O-O-O 18. Bg4 Nxg4 19. Qxg4 Kb8 20. Kh2 Rdg8 21. Qf3 Nd8
22. Bd2 Be7 23. Nxe7 Qxe7 24. Qf6 Qxf6 25. Rxf6 Rh7 26. Rff1 Ne6 27. Rg1 Rgh8
28. Rg3 Kc7 29. Rf1 Kd6 30. b4 b6 31. Rf5 Ng7 32. Rxf7 Ne6 33. Rgf3 Rh5 34.
Rxa7 Rg8 35. Rff7 Nf4 36. Rf6+ Ne6 37. bxc5+ bxc5 38. Ra6+ 1-0

[Event "III Memorial Roberto Magari A"]
[Site "Siena ITA"]
[Date "1998.12.??"]
[Round "7"]
[White "Bettalli, Marco"]
[Black "Bertino, Paolo"]
[Result "1-0"]
[WhiteElo "2040"]
[BlackElo "1756"]
[PlyCount "107"]
[EventDate "1998.12.05"]

1. Nf3 d5 2. g3 Nf6 3. Bg2 Bf5 4. O-O e6 5. d3 Nbd7 6. Nbd2 Bc5 7. a3 a5 8. b3
O-O 9. Bb2 c6 10. c4 Re8 11. Rc1 Qe7 12. Ra1 Rad8 13. Nh4 Bg4 14. h3 Bh5 15. g4
Bg6 16. Nxg6 hxg6 17. Qc2 d4 18. b4 axb4 19. axb4 Bxb4 20. Bxd4 Nc5 21. Bc3
Bxc3 22. Qxc3 e5 23. Nb3 Nxb3 24. Qxb3 e4 25. Ra7 exd3 26. exd3 Qe2 27. Qxb7
Rd7 28. Qb6 Rxa7 29. Qxa7 Qxd3 30. Qc5 Rc8 31. Re1 Nd7 32. Qa7 Qd6 33. Qb7 Rb8
34. Qxc6 Qxc6 35. Bxc6 Nb6 36. c5 Nc4 37. Bd7 Kf8 38. c6 Nb6 39. c7 Nxd7 40.
cxb8=Q+ Nxb8 41. Kg2 Nd7 42. f4 f6 43. Kf3 Kf7 44. Ra1 Nf8 45. f5 g5 46. Ra7+
Kg8 47. Ke4 Kh7 48. Kd5 Kh6 49. Rf7 Nh7 50. Ke6 g6 51. Rxh7+ Kxh7 52. Kxf6 gxf5
53. Kxf5 Kh6 54. Kf6 1-0

[Event "III Memorial Roberto Magari A"]
[Site "Siena ITA"]
[Date "1998.12.??"]
[Round "7"]
[White "Brunetti, Alessandro"]
[Black "Lotti, Fabio"]
[Result "1-0"]
[WhiteElo "1827"]
[BlackElo "1765"]
[PlyCount "57"]
[EventDate "1998.12.05"]

1. d4 f5 2. g3 Nf6 3. Bg2 g6 4. Nf3 Bg7 5. O-O O-O 6. c4 d6 7. Nc3 Nc6 8. Bf4
Ng4 9. h3 Nf6 10. d5 Na5 11. Qd3 b6 12. Rac1 Nb7 13. b4 a5 14. a3 axb4 15. axb4
Ra3 16. Nd4 Ne4 17. Bxe4 fxe4 18. Qxe4 Bxh3 19. Nc6 Qd7 20. Nb5 Ra2 21. Rfe1
Kh8 22. Qxe7 Qg4 23. Qg5 Qd7 24. Qh4 Re8 25. e4 Be5 26. Nxe5 dxe5 27. Be3 Rf8
28. Nxc7 Bg4 29. Qg5 1-0

[Event "III Memorial Roberto Magari A"]
[Site "Siena ITA"]
[Date "1998.12.??"]
[Round "7"]
[White "Codacci, Jose'"]
[Black "Garofalo, Sergio"]
[Result "1-0"]
[WhiteElo "1837"]
[BlackElo "1735"]
[PlyCount "53"]
[EventDate "1998.12.05"]

1. e4 e5 2. f4 exf4 3. Nc3 Be7 4. Bc4 Bh4+ 5. Kf1 d5 6. Nxd5 Nf6 7. Nf3 Bg4 8.
h3 Bh5 9. Nxf4 O-O 10. g4 Nxe4 11. Nxh5 Nf2 12. Qe2 Nxh1 13. Qe5 Bf6 14. Qf5
Nd7 15. Kg2 b5 16. Bd3 g6 17. Nxf6+ Nxf6 18. Qg5 Kg7 19. b3 Qd6 20. Qe5 h6 21.
Bb2 Ng3 22. Kxg3 a6 23. Rf1 Qxe5+ 24. Bxe5 Rfe8 25. Bb2 c5 26. g5 hxg5 27. Nxg5
1-0

[Event "III Memorial Roberto Magari A"]
[Site "Siena ITA"]
[Date "1998.12.??"]
[Round "7"]
[White "Frigieri, Fabrizio"]
[Black "Gorelli Fagiolini, Marco"]
[Result "0-1"]
[WhiteElo "1708"]
[BlackElo "2235"]
[PlyCount "116"]
[EventDate "1998.12.05"]

1. e4 d6 2. d4 Nf6 3. Nc3 g6 4. Be3 Bg7 5. f3 O-O 6. h4 h5 7. Qd2 c6 8. O-O-O
b5 9. Nh3 Qa5 10. Kb1 Be6 11. d5 Bxh3 12. Rxh3 b4 13. Ne2 cxd5 14. exd5 Nbd7
15. g4 hxg4 16. fxg4 Ne4 17. Qe1 Rab8 18. Bd4 Rfc8 19. Bxg7 Kxg7 20. Nd4 Ndc5
21. Bg2 Nc3+ 22. bxc3 bxc3+ 23. Nb3 Na6 24. Rdd3 Nb4 25. Rxc3 Qxa2+ 26. Kc1
Nxc2 27. Qd2 Nb4 28. Kd1 Rxc3 29. Rxc3 Qb1+ 30. Ke2 Na2 31. Rc2 Qxb3 32. Rxa2
Qc4+ 33. Kf2 Qxg4 34. Qc3+ Kg8 35. Rb2 Qxh4+ 36. Ke2 Qh5+ 37. Kf2 Qf5+ 38. Ke2
Rxb2+ 39. Qxb2 Qe5+ 40. Qxe5 dxe5 41. Ke3 f5 42. Bf3 Kf7 43. Bd1 Ke8 44. Ba4+
Kd8 45. Bc6 Kc7 46. Be8 g5 47. Bg6 f4+ 48. Ke4 Kd6 49. Bh5 e6 50. dxe6 Kxe6 51.
Bd1 a5 52. Bb3+ Kf6 53. Bd1 Ke6 54. Bg4+ Kd6 55. Bd1 Kc5 56. Kxe5 f3 57. Bxf3
a4 58. Kf5 a3 0-1

[Event "III Memorial Roberto Magari A"]
[Site "Siena ITA"]
[Date "1998.12.??"]
[Round "7"]
[White "Wild, Alexander"]
[Black "Pelagatti, Alessandro"]
[Result "0-1"]
[WhiteElo "1732"]
[BlackElo "1795"]
[PlyCount "62"]
[EventDate "1998.12.05"]

1. e4 c5 2. Nf3 d6 3. d4 cxd4 4. Nxd4 Nf6 5. Nc3 a6 6. Bc4 e6 7. O-O b5 8. Bb3
Be7 9. Qe2 O-O 10. a4 bxa4 11. Nxa4 Bb7 12. f3 d5 13. e5 Nfd7 14. f4 Nc6 15.
Be3 Qc7 16. c3 Nxd4 17. cxd4 Rac8 18. Nc3 Bb4 19. Bd2 Qb8 20. Bc2 f5 21. exf6
Rxf6 22. f5 e5 23. Bg5 exd4 24. Bxf6 Nxf6 25. Na4 Bd6 26. Bd3 Bxh2+ 27. Kh1 Re8
28. Qf3 Re3 29. Qd1 Qg3 30. Rf3 Qh4 31. Rxe3 Bg3+ 0-1